Statistics for Utah Utes 2022 Football Starters

Click here to take the quiz!

General Stats

  • This quiz has been taken 19 times
  • The average score is 18 of 27

Answer Stats

HintAnswer% Correct
QB 7Cameron Rising
100%
RB 9Tavion Thomas
100%
TE 80Brant Kuithe
90%
WR 17Devaughn Vele
90%
WR 25Jaylen Dixon
90%
RB 2Micah Bernard
90%
LB 3Mohamoud Diabate
80%
WR 21Solomon Enis
80%
CB 1Clark Phillips III
70%
SS 8Cole Bishop
70%
LG 51Keaton Bills
70%
RT 78Sataoa Laumea
70%
DE 7Van Fillinger
70%
LT 71Braeden Daniels
60%
DE 83Jonah Elliss
60%
DT 58Junior Tafuna
60%
LB 20Lander Barton
60%
FB 32Logan Kendall
60%
CB 4JaTravis Broughton
50%
K 67Jordan Noyes
50%
LB 21Karene Reid
50%
RG 52Michael Mokofisi
50%
FS 11RJ Hubert
50%
C 54Paul Maile
40%
CB 16Zemaiah Vaughn
40%
CB 23Faybian Marks
30%
LB 55Andrew Mata'afa
20%

Score Distribution

Percentile by Number Answered

Percent of People with Each Score

Your Score History

You have not taken this quiz